Football - Les 10 plus gros transferts (2001-2002) - Statistiques

Statistiques générales
  • Ce quiz a été pris 42 fois
  • Le résultat moyen est 5 sur 10
Statistiques - réponses
Rang Club Précédent Nouveau Club Montant Joueur % Correct
1 Juventus Real Madrid 77 500 000 € Zinédine Zidane
100%
2 Parme Juventus 52 880 000 € Gianluigi Buffon
81%
7 Juventus Milan AC 36 150 000 € Filippo Inzaghi
64%
5 Lazio Rome Manchester United 42 600 000 € Juan Sebastian Veron
50%
8 Parme Juventus 36 150 000 € Lilian Thuram
47%
4 Lazio Rome Juventus 45 000 000 € Pavel Nedved
42%
9 River Plate Barcelone 35 900 000 € Javier Saviola
28%
3 Valence Lazio Rome 48 000 000 € Gaizka Mendieta
19%
6 Fiorentina Milan AC 41 320 000 € Rui Costa
17%
10 Bari AS Roma 31 000 000 € Antonio Cassano
11%
Aucun quiz correspondant
Distribution des résultats
% des personnes avec chaque résultat
Percentile par nombre de réponses
Votre historique - résultats
Vous n’avez pas pris ce quiz